Information and communication technology (ICT) in education / (Record no. 81598)

MARC details
000 -LEADER
fixed length control field 00685nam a22002177a 4500
005 - DATE AND TIME OF LATEST TRANSACTION
control field 20140108130259.0
010 ## - LCCN (DPL NO)
LC control number ENG-108958
020 ## - INTERNATIONAL STANDARD BOOK NUMBER
International Standard Book Number 9788183165198
Terms of availability 225.00
035 ## - SYSTEM CONTROL NUMBER
System control number EN-92491
037 ## - SOURCE OF ACQUISITION
Source of stock number/acquisition DBAD/PUB
082 ## - DEWEY DECIMAL CLASSIFICATION NUMBER
Classification number 371.334
100 ## - MAIN ENTRY--PERSONAL NAME
Personal name Vanaja, M.
245 ## - TITLE STATEMENT
Title Information and communication technology (ICT) in education /
Statement of responsibility, etc by M. Vanaja, S. Rajasekar [and] S. Arulsamy
260 ## - PUBLICATION, DISTRIBUTION, ETC. (IMPRINT)
Place of publication, distribution, etc Hyderabad
Name of publisher, distributor, etc Neelkamal Publications
Date of publication, distribution, etc 2014
270 ## - ADDRESS
Address Sultan Bazar
City Hyderabad
Postal code 500095
300 ## - PHYSICAL DESCRIPTION
Extent xvi,348p.
Dimensions 24cm(pbk)
500 ## - GENERAL NOTE
General note Includes bibliographical references
700 ## - ADDED ENTRY--PERSONAL NAME
Personal name Rajasekar, S.
700 ## - ADDED ENTRY--PERSONAL NAME
Personal name Arulsamy, S.
942 ## - ADDED ENTRY ELEMENTS (KOHA)
Source of classification or shelving scheme Dewey Decimal Classification
Item type English Books
Call number suffix VAN
Classification part 371.334
Holdings
Withdrawn status Lost status Not for loan Collection code Home library Current library Date acquired Source of acquisition Cost, normal purchase price Full call number Barcode Copy number Cost, replacement price Koha item type
    Not For Loan Non-fiction D.B.Act.Division D.B.Act.Division 01/01/2014 DBAD/PUB 225.00 371.334 VAN EN-92491 1 225.00 English Books

© Delhi Public Library
Hit Counter
free hit counter